| 000 | 00499nam a22001817a 4500 | ||
|---|---|---|---|
| 005 | 20251108170124.0 | ||
| 008 | 250721s9999 xx 000 0 ara d | ||
| 082 | 1 | 4 | _aم/220/زكي |
| 100 | 1 | _aزكي، أحمد | |
| 245 | 1 | 0 | _aانزعوا قناع بولس عن وجه المسيح / |
| 264 |
_bدار الحداثة، _c[19-]. |
||
| 300 | _a908ص | ||
| 650 | 1 | 7 | _aالمسيحية |
| 650 | 1 | 7 | _aالكتب المقدسة |
| 650 | 1 | 7 | _aالكنيسة |
| 942 |
_2ddc _cREF |
||
| 999 |
_c40263 _d40263 |
||